|
|
|
|
| LEADER |
00000nam0a2200000 4500 |
| 001 |
20575 |
| 005 |
20231030192133.0 |
| 010 |
|
|
|a 5879050017
|
| 035 |
|
|
|a (RuTPU)RU\TPU\book\20760
|
| 035 |
|
|
|a BOOK00000112
|
| 090 |
|
|
|a 20575
|
| 100 |
|
|
|a 20011209d1994 m y0rusy50 ca
|
| 101 |
1 |
|
|a rus
|c ger
|
| 102 |
|
|
|a RU
|
| 105 |
|
|
|a y z 000zy
|
| 200 |
1 |
|
|a Об обращении с людьми
|e пер. с нем.
|f А. Книгге
|
| 210 |
|
|
|a Дубна
|c Феникс
|d 1994
|
| 215 |
|
|
|a 325 с.
|
| 610 |
1 |
|
|a психология
|
| 610 |
1 |
|
|a социальная психология
|
| 610 |
1 |
|
|a личность
|
| 610 |
1 |
|
|a общение
|
| 610 |
1 |
|
|a поведение
|
| 610 |
1 |
|
|a правила хорошего тона
|
| 686 |
|
|
|a Ю953
|v LBC/SL-A
|2 rubbk
|
| 700 |
|
1 |
|a Книгге
|b А.
|g Адольф
|
| 801 |
|
0 |
|a RU
|b 63413507
|c 20011209
|g PSBO
|
| 801 |
|
2 |
|a RU
|b 63413507
|c 20120517
|g PSBO
|
| 942 |
|
|
|c BK
|